Κατάλογος Βιβλιοθηκών Mediterranean College

Γνωστική Ψυχολογία / Η Διαδικασία της Μάθησης (Επεξεργασία Πληροφοριών, Αντίληψη, Μνήμη, Αναπαράσταση της Γνώσης) (Record no. 3652)

MARC details
000 -LEADER
fixed length control field 01107cam a22001814a 4500
005 - ΗΜΕΡΟΜΗΝΙΑ ΚΑΙ ΩΡΑ ΤΕΛΕΥΤΑΙΑΣ ΕΝΗΜΕΡΩΣΗΣ
Πεδίο ελέγχου 20250605164121.0
008 - FIXED-LENGTH DATA ELEMENTS--GENERAL INFORMATION
Πεδίο ελέγχου σταθερού μήκους 250528s ||||||||||||||||||||||||d
035 ## - SYSTEM CONTROL NUMBER
System control number 18286
040 ## - ΠΗΓΗ ΚΑΤΑΛΟΓΟΓΡΑΦΗΣΗΣ
Φορέας πρωτότυπης καταλογογράφησης MC Athens Campus Library
Γλώσσα καταλογογράφησης Ελληνικά, Μοντέρνα (1453-)
Modifying agency MC Athens Campus Library
Κανόνες περιγραφικής καταλογογράφησης AACR2
245 1# - ΤΙΤΛΟΣ ΚΑΙ ΔΗΛΩΣΗ ΥΠΕΥΘΥΝΟΤΗΤΑΣ
Τίτλος Γνωστική Ψυχολογία / Η Διαδικασία της Μάθησης (Επεξεργασία Πληροφοριών, Αντίληψη, Μνήμη, Αναπαράσταση της Γνώσης)
260 ## - PUBLICATION, DISTRIBUTION, ETC.
Date of publication, distribution, etc. 1996
300 ## - PHYSICAL DESCRIPTION
Extent 272
520 ## - SUMMARY, ETC.
Summary, etc. Πρόλογος, Εισαγωγή, Η Ανάπτυξη της Γνωστικής Ψυχολογίας ως Θεωρίας για τη Μελέτη της Μάθησης, Η Γνωστική Επεξεργασία των Πληροφοριών, Η Αντίληψη των Πληροφοριών, Η Συγκράτηση των Πληροφοριών στη Μνήμη, Η Αναπαράσταση των Πληροφοριών στη Μνήμη, Επίλογος, Βιβλιογραφία.
700 1# - ΠΡΟΣΘΕΤΗ ΑΝΑΓΡΑΦΗ--ΦΥΣΙΚΟ ΠΡΟΣΩΠΟ
Personal name Πορπόδας Κωνσταντίνου Δ
9 (RLIN) 4560
942 ## - ADDED ENTRY ELEMENTS (KOHA)
Koha item type Books
Holdings
Τύπος τεκμηρίου Βιβλιοθήκη Τρέχουσα τοποθεσία Barcode Αριθμός εισαγωγής Ημερομηνία απόκτησης Ταξιθετικό σύμβολο Αριθμός αντιτύπου Κατάσταση απόσυρσης Κατάσταση χαμένου Κατάσταση κατεστραμμένου Μη δανεισμός Σύνολο δανεισμών Σύνολο ανανεώσεων Ημερομηνία τελευταίας εμφάνισης Χρονολογία τελευταίου δανεισμού Η τιμή ισχύει από
Books MC Athens Campus Library MC Athens Campus Library 9780000036513 2872 05/06/2025 153.4 POR 1         3 4 07/01/2026 16/12/2025 05/06/2025

MC Athens Campus Library
Πατησίων 94 & Κοδριγκτώνος 13, 104 34
Πελλήνης 8 & Πατησίων 107, 112 51
Τ: +30 210 8899600

MC Thessaloniki Campus Library
Ίωνος Δραγούμη 21, 54625 | Ίωνος Δραγούμη 15, 54625
Τ: +30 2310 287779 – Τ: +30 2314 440300